000 00278nam a22001337a 4500
008 170715b xxu||||| |||| 00| 0 eng d
020 _a3126340081
041 _aeng
080 _a572
100 _a24
101 _aANT
245 _aWOMEN AND MEN
_cFRIEDL,E
942 _2udc
_cBK
999 _c21075
_d21075